Guess the k-pop groups with their best selling album - Statistics

General Stats
  • This quiz has been taken 43 times
  • The average score is 33 of 56
Answer Stats
Groups & their best sellings albums Koreans sales % Correct
7 BLACKPINK - born pink 2.977.000
100%
3 BTS - map of the soul : 7 5.105.000
100%
20 ITZY - kill my doubt 1.207.000
100%
17 TWICE - ready to be 1.675.000
100%
2 STRAY KIDS - 5-star 5.278.000
97%
1 SEVENTEEN - fml 6.409.000
93%
6 ENHYPEN - romance : untold 2.996.000
90%
11 IVE - i've mine 2.110.000
86%
18 LE SSERAFIM - unforgiven 1.581.000
86%
5 TXT - the name chapter : temptation 3.314.000
86%
10 AESPA - my wolrd 2.157.000
83%
15 ATEEZ - the world ep.fin : will 1.798.000
83%
9 NEWJEANS - get up 2.246.000
83%
23 NMIXX - expergo 953.000
83%
22 RED VELVET - the reve festival 2022 995.000
83%
14 EXO - exist 1.898.000
76%
4 NCT DREAM - istj 4.279.000
76%
24 BABYMONSTER - drip 883.000
72%
16 (G)I-DLE - 2 1.704.000
72%
26 ILLIT - super real me 693.000
72%
8 NCT 127 - sticker 2.435.000
72%
21 BOYNEXTDOOR - 19.99 1.057.000
69%
50 GFRIEND - time for us 96.000
66%
29 GOT7 - got7 459.000
66%
42 MAMAMOO - travel 177.000
66%
13 TREASURE - raboot 1.904.000
66%
12 ZEROBASEONE - youth in the shade 2.037.000
59%
56 EVERGLOW - last melody 52.000
55%
33 KEP1ER - first impact 396.000
55%
49 KISS OF LIFE - lose yourself 120.000
55%
45 LOONA - flip that 156.000
55%
19 RIIZE - riizing 1.344.000
52%
32 STAYC - teddy bear 415.000
52%
41 FROMIS_9 - from our memento box 195.000
48%
36 P1HARMONY - sad song 318.000
48%
46 DREAMCATCHER - apocalypse : save us 142.000
45%
30 MONSTA X - no limit 456.000
45%
27 THE BOYZ - thrill-ing 654.000
45%
35 TRIPLES - visionary vision 337.000
45%
28 TWS - summer beat 624.000
45%
53 VIVIZ - various 82.000
45%
31 WAYV - on my youth 453.000
41%
37 ONEUS - malus 252.000
38%
38 XIKERS - house of tricky : how to play 248.000
38%
34 CRAVITY - evershine 364.000
34%
39 SF9 - turn over 227.000
34%
40 WJSN - sequence 196.000
34%
48 ARTMS - dall 120.000
31%
47 CIX - ok episode 2 : i'm ok 136.000
31%
43 AB6IX - b:complete 172.000
28%
52 WEEEKLY - play game : awake 83.000
21%
51 BILLLIE - the billage of perception : 3 91.000
17%
25 BSS - second wind 857.000
17%
55 LOOSSEMBLE - one of a kind 68.000
17%
44 TEMPEST - into the tempest 163.000
17%
54 ODD EYE CIRCLE - version up 70.000
7%
No matching quizzes found
Score Distribution
Percent of People with Each Score
Percentile by Number Answered
Your Score History
You have not taken this quiz